Statistics for All the Countries with Another Country Name in Their Name

Click here to take the quiz!

General Stats

  • This quiz has been taken 1,941 times
    (1,889 since last reset)
  • The average score is 11 of 18

Answer Stats

Countries% Correct
Guinea
82%
Guinea
82%
Guinea
82%
Guinea-Bissau
76%
Papua New Guinea
73%
South Sudan
73%
Equatorial Guinea
72%
Sudan
71%
Dominican Republic
61%
Dominica
60%
Niger
57%
Republic Of The Congo
56%
Nigeria
55%
Democratic Republic Of The Congo
52%
Mali
37%
Somalia
32%
Oman
31%
Romania
25%

Score Distribution

Percentile by Number Answered

Percent of People with Each Score

Your Score History

You have not taken this quiz since the last reset